000 00301 a2200121 4500
001 146927
040 _cEscola São Tomás de Aquino
100 _aBANDEIRA, Pedro
240 1 0 _aO primeiro amor de Laurinha
_lpor
245 1 0 _aO primeiro amor de Laurinha
697 _a*LITERATURA INFANTO
942 _cBK
999 _c146927
_d146927